Представление документа в формате RUSMARC

ПолеНазваниеЗначение
  Тип записи a
  Библиографический уровень m
001 Контрольный номер ef8ae0ea2bb14e71aa58f861317277e3
005 Дата корректировки 20201206220042.1
010 Индекс ISBN __
a ISBN 978-5-9900407-9-3
d Цена 650-00, 2000 экз.
100 Данные общей обработки __
a Данные общей обработки 19190327d2018||||||| 0rusy0189 ca
101 Язык документа 0_
a Язык текста rus
102 Страна публикации __
a Страна публикации ru
102 Страна публикации __
a Страна публикации RU
105 Кодированные данные (монография) __
a Кодированные данные (монография) |||||||||10zy
200 Заглавие и сведения об ответственности __
b Общее обозначение материала Текст
210 Выходные данные __
d Дата издания 2018
215 Физическое описание __
a Объем 376, [7] с.
330 Аннотация __
a Аннотация Книга посвящена геологии Тюменской области советского периода. Главной задачей авторов было не только рассказать об истории геологии, но и показать события этого времени через людей. Основная идея книги сохранить в памяти человечества имена стоявших у истоков геологии людей.
461 Уровень набора __
1 200
a 70 лет тюменской геологии. Служа Отечеству
v Т. 1
1 210
a Тюмень
c Сибирский научно-аналитический центр
d 2018
1 225
1 010
601 Наименование организации как предмет __
a Наименование организации как предмет Главное Тюменское производственное геологическое управление
601 Наименование организации как предмет __
a Наименование организации как предмет Главтюменьгеология
606 Тематические рубрики __
a Основная рубрика Экономика
606 Тематические рубрики __
a Основная рубрика Экономика топливной промышленности
y Географическая подрубрика Россия
y Географическая подрубрика Сургут
y Географическая подрубрика Тюменская область
y Географическая подрубрика Ханты-Мансийский автономный округ
y Географическая подрубрика Ямало-Ненецкий автономный округ
610 Ключевые слова __
a Ключевые слова геологоразведка
610 Ключевые слова __
a Ключевые слова история геологоразведки
610 Ключевые слова __
a Ключевые слова разведка месторождений
610 Ключевые слова __
a Ключевые слова топливная промышленность
610 Ключевые слова __
a Ключевые слова нефтяная промышленность
610 Ключевые слова __
a Ключевые слова геологоразведчики
610 Ключевые слова __
a Ключевые слова краеведение
610 Ключевые слова __
a Ключевые слова персоналии
686 Индексы других классификаций __
2 Код системы rubbks
a Классификационный индекс К65.305.143(2Рос-4Тюм)
702 Вторичная интеллектуальная ответственность _1
a Фамилия Брылина
b Имя Е. А.
4 Код отношения Составитель
g Полное личное имя Елена Анатольевна
4 Код отношения 220
702 Вторичная интеллектуальная ответственность _1
a Фамилия Долгова
b Имя Т. С.
4 Код отношения Составитель
g Полное личное имя Татьяна Станиславовна
4 Код отношения 220
702 Вторичная интеллектуальная ответственность _1
a Фамилия Иванова
b Имя А. М.
4 Код отношения Составитель
g Полное личное имя Алла Михайловна
4 Код отношения 220
702 Вторичная интеллектуальная ответственность _1
a Фамилия Плехова
b Имя О. Н.
4 Код отношения Составитель
g Полное личное имя Ольга Николаевна
4 Код отношения 220
702 Вторичная интеллектуальная ответственность _1
a Фамилия Почерк
b Имя В. А.
4 Код отношения Составитель
g Полное личное имя Вера Александровна
4 Код отношения 220
702 Вторичная интеллектуальная ответственность _1
a Фамилия Трепянская
b Имя Л. В.
4 Код отношения Составитель
g Полное личное имя Людмила Васильевна
4 Код отношения 220
702 Вторичная интеллектуальная ответственность _1
a Фамилия Тюрина
b Имя О. А.
4 Код отношения Составитель
g Полное личное имя Ольга Алексеевна
4 Код отношения 220
801 Источник записи _0
a Страна ru
b Организация Муниципальное бюджетное учреждение культуры "Централизованная библиотечная система" г. Сургут (Центральная городская библиотека им. А. С. Пушкина)
c Дата составления 20190327
g Правила каталогизации PSBO
801 Источник записи _1
a Страна ru
b Организация Муниципальное бюджетное учреждение культуры "Централизованная библиотечная система" г. Сургут (Центральная городская библиотека им. А. С. Пушкина)
c Дата составления 20190327
g Правила каталогизации PSBO
852 Данные о местонахождении __
j Шифр хранения К65.305.143(2Рос-4Тюм)
i Авторский знак С 30
901 Тип документа __
t Тип документа n
a Ответственный КиК/Котельникова
w Контрольный № источника a71ebaaa2f304f3c9c7ae66362fc0b72
903 Характеристики (МАРС) __
a Дата передачи 20191017; 20290327
990 Данные о заказе (DOS) __
j Количество экземпляров (DOS) 1; 1
t N записи в КСУ для И/У (DOS) 201910; 201903